000 00549nam a22001817a 4500
005 20260310162437.0
008 260309b |||||||| |||| 00| 0 eng d
020 _a978-93-5542-190-6
041 _aeng
082 _a005.133 MCK-P
100 _aMcKINNEY, WES
_98890
245 _aPYTHON FOR DATA ANALYSIS : Data Wrangling With Pandas, Numpy & Jupyter
250 _a3rd ed, 2022
260 _aMUMBAI
_bSHROFF PUBLISHERS & DISTRIBUTERS PVT.LTD
_c2022
300 _a561;P
650 _aCOMPUTER SCIENCE AND INFORMATION TECNOLOGY
_98896
942 _cBK
999 _c9070
_d9068